| 000 | 00440nam a22001217a 4500 | ||
|---|---|---|---|
| 008 | 160909b xxu||||| |||| 00| 0 eng d | ||
| 050 | _a561/2009 | ||
| 245 |
_aConditions of work of employees in some selected manufacturing companies in the Tema Metropolis: An assessment. / _cOsumanu Salifu |
||
| 260 |
_aAccra: _bWisconsin International University College, _c2009. |
||
| 300 | _avarious pgs: | ||
| 800 | _aOsumanu, Salifu. | ||
| 942 |
_2lcc _cREF |
||
| 999 |
_c6058 _d13558 |
||